[Event "II Aberto Prof Joao Braga"]
[Site "Clube de Xadrez Sao Paulo"]
[Date "2014.12.12"]
[Round "2.6"]
[White "Brito, Luismar"]
[Black "Mendes, Rodrigo Machado"]
[Result "1/2-1/2"]
[WhiteElo "2251"]
[BlackElo "1896"]
[PlyCount "212"]
[EventDate "2014.12.12"]

1. e4 c6 2. Nc3 d5 3. Nf3 dxe4 4. Nxe4 Nf6 5. Ng3 g6 6. d4 Bg7 7. Bc4 O-O 8. h3
Nbd7 9. O-O c5 10. Be3 Nb6 11. Be2 Nbd5 12. Bd2 cxd4 13. Nxd4 e5 14. Nb3 Qc7
15. Rc1 Be6 16. Re1 Rfd8 17. Bf3 Rac8 18. Qe2 e4 19. Nxe4 Nxe4 20. Bxe4 Bxb2
21. Rcd1 Nc3 22. Bxc3 Bxc3 23. Rxd8+ Rxd8 24. Rd1 Rxd1+ 25. Qxd1 b6 26. Qf3 Kg7
27. g4 Bf6 28. Qd3 Qe5 29. Kg2 h5 30. Bf3 hxg4 31. hxg4 Qf4 32. Qe3 Qxe3 33.
fxe3 Bg5 34. Kf2 Kf6 35. Nd2 Ke5 36. c4 Be7 37. Be2 Kd6 38. Nb3 Bc8 39. Bf3 Bf6
40. Ke2 Bd7 41. Kd3 Bg7 42. Nd4 Kc5 43. a3 a6 44. Bd5 Be8 45. Bf3 Kd6 46. Bb7
a5 47. Bf3 Bd7 48. Bd1 Be5 49. Ke4 f6 50. Kd3 Kc7 51. Nb5+ Kc6 52. Nd4+ Kd6 53.
Bf3 Ba4 54. Be4 g5 55. Bf3 Bd7 56. Bd1 Be8 57. Bf3 Bf7 58. Be2 Kd7 59. Bf3 Bd6
60. Bc6+ Kc7 61. Bd5 Bg6+ 62. Kc3 Bc5 63. Nb5+ Kd7 64. Kd2 f5 65. Bf3 fxg4 66.
Bxg4+ Ke7 67. Nc3 Kf6 68. Bf3 Ke5 69. Na4 Be8 70. Bd1 Bd7 71. Nxc5 bxc5 72. Bf3
g4 73. Bd5 g3 74. Ke2 Bg4+ 75. Kf1 Bh3+ 76. Kg1 Kf5 77. Kh1 Kg5 78. Kg1 Kh4 79.
Kh1 Bf1 80. Kg1 Be2 81. Kg2 Bg4 82. Kg1 Bh3 83. Kh1 Kg5 84. Kg1 Kf5 85. Kh1 Ke5
86. Kg1 Bf5 87. Bf3 Be6 88. Kg2 Bxc4 89. Kxg3 Bd3 90. Kf2 c4 91. Ke1 c3 92. Kd1
Kd6 93. Bh5 Kc5 94. Kc1 Be4 95. Be2 Kd5 96. Bf1 Ke5 97. Bg2 Bd3 98. Bf3 Kf5 99.
Bc6 Kg4 100. Bb5 Be4 101. Bc6 Bh7 102. Bd5 Kg3 103. e4 Kf4 104. Kc2 Bxe4+ 105.
Bxe4 Kxe4 106. Kxc3 Kd5 1/2-1/2

[Event "II Aberto Prof Joao Braga"]
[Site "Clube de Xadrez Sao Paulo"]
[Date "2014.12.12"]
[Round "2.7"]
[White "Aoyama, Edmundo"]
[Black "Rodrigues, Leonardo De Miranda"]
[Result "0-1"]
[WhiteElo "1861"]
[BlackElo "2173"]
[PlyCount "66"]
[EventDate "2014.12.12"]

1. Nf3 f5 2. g3 Nf6 3. Bg2 g6 4. b3 Bg7 5. Bb2 O-O 6. d4 d6 7. c4 e6 8. O-O
Nbd7 9. Nbd2 Qe7 10. Qc2 e5 11. dxe5 dxe5 12. e4 f4 13. Bh3 Ne8 14. c5 c6 15.
Nc4 fxg3 16. fxg3 Qxc5+ 17. Kh1 b5 18. Ba3 b4 19. Bb2 Nc7 20. Rad1 Rf7 21. a4
h6 22. Bxd7 Bxd7 23. Nfxe5 Rxf1+ 24. Rxf1 Bh3 25. Rf2 Rd8 26. Nxg6 Bxb2 27.
Nxb2 Qc3 28. Qb1 Qe3 29. Ne7+ Kh8 30. Rf7 Rd2 31. Rh7+ Kxh7 32. e5+ Kh8 33.
Ng6+ Kg7 0-1

[Event "II Aberto Prof Joao Braga"]
[Site "Clube de Xadrez Sao Paulo"]
[Date "2014.12.12"]
[Round "2.8"]
[White "Farah, Daniel Landshoff"]
[Black "Ueti, Silvio Shigueo"]
[Result "1/2-1/2"]
[WhiteElo "1858"]
[BlackElo "2147"]
[PlyCount "94"]
[EventDate "2014.12.12"]

1. e4 c5 2. Nf3 e6 3. d4 cxd4 4. Nxd4 a6 5. Bd3 Bc5 6. Nb3 Be7 7. Qg4 g6 8. Qe2
d6 9. Nc3 Qc7 10. a4 b6 11. Bd2 Nc6 12. O-O Bb7 13. Rfe1 Ne5 14. Be3 Nf6 15.
Bh6 Nfg4 16. Bg7 Rg8 17. Bxe5 Nxe5 18. f4 Nxd3 19. cxd3 Rc8 20. Rac1 Qd7 21. d4
Kf8 22. d5 Kg7 23. dxe6 fxe6 24. f5 gxf5 25. exf5 e5 26. Rf1 Kh8 27. Rf2 Bh4
28. g3 Qc6 29. Rg2 Bg5 30. Rd1 Be3+ 31. Kh1 Qxg2+ 32. Qxg2 Bxg2+ 33. Kxg2 Rgd8
34. Rd3 Bc5 35. Nd5 b5 36. axb5 axb5 37. Kf3 Ba7 38. Rd2 Rc4 39. f6 Kg8 40. Na5
Rd4 41. Ne7+ Kf7 42. Rc2 Bb6 43. Nac6 Rd3+ 44. Ke4 Re3+ 45. Kf5 Rf3+ 46. Ke4
Re3+ 47. Kf5 Rf3+ 1/2-1/2

[Event "II Aberto Prof Joao Braga"]
[Site "Clube de Xadrez Sao Paulo"]
[Date "2014.12.12"]
[Round "2.9"]
[White "Abdalla, Jose Lucas Aurelli"]
[Black "Costa, Giovanni"]
[Result "0-1"]
[WhiteElo "2128"]
[BlackElo "1855"]
[PlyCount "76"]
[EventDate "2014.12.12"]

1. e4 c6 2. d4 d5 3. e5 Bf5 4. g4 Bd7 5. h4 Qa5+ 6. Nc3 e6 7. h5 c5 8. Nf3 Nc6
9. Be3 cxd4 10. Bxd4 Bb4 11. Rh3 Nxd4 12. Nxd4 Rc8 13. Qd2 Bxc3 14. Rxc3 Rxc3
15. bxc3 Ne7 16. Rb1 Qc7 17. f4 a6 18. Qe3 O-O 19. Kf2 b5 20. Bd3 Rc8 21. f5
exf5 22. gxf5 Nc6 23. Nxc6 Qxc6 24. Qg3 Kh8 25. f6 Qc5+ 26. Kf3 gxf6 27. Rg1
Qf8 28. exf6 Qh6 29. Qg7+ Qxg7 30. fxg7+ Kg8 31. h6 Rxc3 32. Kf4 Rc8 33. Ke5
Be6 34. Kd6 d4 35. a3 Bc4 36. Bf5 Ra8 37. Kc5 Rd8 38. Rg3 Rd5+ 0-1

[Event "II Aberto Prof Joao Braga"]
[Site "Clube de Xadrez Sao Paulo"]
[Date "2014.12.12"]
[Round "2.10"]
[White "Brandao, Renan Alves"]
[Black "Vieira, Alexandre Letizio"]
[Result "1-0"]
[WhiteElo "2067"]
[BlackElo "1818"]
[PlyCount "103"]
[EventDate "2014.12.12"]

1. e4 c5 2. Nc3 Nc6 3. g3 g6 4. Bg2 Bg7 5. f4 d6 6. Nf3 Nd4 7. Nxd4 Bxd4 8. Ne2
Bg7 9. c3 Qb6 10. a4 c4 11. a5 Qc7 12. d4 cxd3 13. Qxd3 Nf6 14. Nd4 a6 15. Be3
Bd7 16. Nc2 Bb5 17. Qd1 O-O 18. Bb6 Qc4 19. Na3 Qe6 20. Nxb5 axb5 21. Qe2 b4
22. cxb4 Nd7 23. Be3 Qb3 24. e5 dxe5 25. O-O exf4 26. Rxf4 Rac8 27. Ra3 Qxb2
28. Qxb2 Bxb2 29. Rb3 Be5 30. Bxb7 Bxf4 31. Bxf4 e5 32. Bxc8 Rxc8 33. Rd3 Rc7
34. Be3 e4 35. Ra3 Ne5 36. Bf4 Nc4 37. Bxc7 Nxa3 38. a6 Nb5 39. Bb6 Kf8 40. a7
Nxa7 41. Bxa7 Ke7 42. Kf2 Kd6 43. Ke3 f5 44. Bd4 Kc6 45. h4 Kb5 46. Bc5 Kc4 47.
Bf8 Kb5 48. Kd4 h6 49. Be7 h5 50. Bf8 Kc6 51. Bc5 Kb5 52. Ke5 1-0

[Event "II Aberto Prof Joao Braga"]
[Site "Clube de Xadrez Sao Paulo"]
[Date "2014.12.12"]
[Round "2.11"]
[White "Dias, Joao Batista"]
[Black "Valente, Rodrigo De Deus"]
[Result "1-0"]
[WhiteElo "1838"]
[BlackElo "2043"]
[PlyCount "85"]
[EventDate "2014.12.12"]

1. e4 d6 2. d4 Nf6 3. Nc3 c6 4. Nf3 Qa5 5. Bd2 e5 6. Nd5 Qd8 7. Nxf6+ Qxf6 8.
dxe5 dxe5 9. Bg5 Qd6 10. Qxd6 Bxd6 11. O-O-O Bc7 12. Bc4 b5 13. Bb3 Bg4 14. h3
Bxf3 15. gxf3 Na6 16. Rhg1 Nc5 17. Be3 Nxb3+ 18. axb3 g6 19. Rd3 Ke7 20. Rc3
Bd6 21. Rxc6 Rhc8 22. Ra6 Kd7 23. Rd1 Rc6 24. Rxa7+ Rxa7 25. Bxa7 Ra6 26. Be3
f5 27. Kb1 Ke6 28. Rd5 fxe4 29. fxe4 b4 30. c4 Ra8 31. Rb5 Rf8 32. c5 Bc7 33.
Rxb4 Rf3 34. Rc4 Rxh3 35. b4 Kd7 36. b5 Rh1+ 37. Kc2 Ra1 38. c6+ Kc8 39. b6 Bd6
40. c7 Ra8 41. Rc6 Bf8 42. Re6 Kb7 43. Rxe5 1-0

[Event "II Aberto Prof Joao Braga"]
[Site "Clube de Xadrez Sao Paulo"]
[Date "2014.12.12"]
[Round "2.12"]
[White "Noseda, Francesco"]
[Black "Yoshioka, Andre"]
[Result "1/2-1/2"]
[WhiteElo "1968"]
[BlackElo "1685"]
[PlyCount "51"]
[EventDate "2014.12.12"]

1. e4 e5 2. f4 exf4 3. Nf3 Nc6 4. Bc4 d6 5. d4 Be7 6. Bxf4 Nf6 7. Nc3 O-O 8.
O-O Bg4 9. Qd2 Nxe4 10. Bxf7+ Rxf7 11. Nxe4 d5 12. Neg5 Rf8 13. Rae1 Qd7 14.
Ne5 Nxe5 15. Bxe5 h6 16. Nf3 Bxf3 17. Rxf3 Rxf3 18. gxf3 Rf8 19. Qg2 Bh4 20.
Re2 Rf7 21. Qg4 Qxg4+ 22. fxg4 Re7 23. Kf1 c6 24. h3 Rf7+ 25. Kg2 Re7 26. Kf3
1/2-1/2

[Event "II Aberto Prof Joao Braga"]
[Site "Clube de Xadrez Sao Paulo"]
[Date "2014.12.12"]
[Round "2.14"]
[White "Santos, Marcus Vinicius More"]
[Black "Teshima, Ricardo Yoshida"]
[Result "1-0"]
[WhiteElo "2331"]
[BlackElo "1730"]
[PlyCount "109"]
[EventDate "2014.12.12"]

1. d4 d5 2. c4 e6 3. Nc3 Nf6 4. cxd5 exd5 5. Bg5 Be7 6. e3 b6 7. Bd3 Bb7 8. Nf3
h6 9. Bh4 Ne4 10. Bxe7 Qxe7 11. Qa4+ Qd7 12. Qc2 Nxc3 13. Qxc3 O-O 14. Rc1 Qc6
15. Qxc6 Bxc6 16. Ne5 Bb7 17. Rxc7 Ba6 18. Kd2 Bxd3 19. Nxd3 Na6 20. Rc6 Rac8
21. Rhc1 Rxc6 22. Rxc6 Rd8 23. b4 Rd7 24. Rc8+ Kh7 25. Ne5 Re7 26. b5 Rc7 27.
Rxc7 Nxc7 28. a4 f6 29. Nc6 a5 30. bxa6 Nxa6 31. Kc3 g5 32. Ne7 Nc7 33. Kb4 Kg7
34. Nc8 Kf7 35. Nxb6 Ke6 36. Kc5 Na6+ 37. Kb5 Nc7+ 38. Kc6 Na6 39. Nxd5 f5 40.
Nc7+ Nxc7 41. Kxc7 Kd5 42. a5 f4 43. a6 fxe3 44. fxe3 Ke4 45. a7 Kxe3 46. d5
Kf2 47. d6 Kxg2 48. a8=Q+ Kxh2 49. Qf3 g4 50. Qxg4 h5 51. Qg5 h4 52. d7 h3 53.
d8=Q Kh1 54. Qg3 h2 55. Qa8# 1-0

[Event "II Aberto Prof Joao Braga"]
[Site "Clube de Xadrez Sao Paulo"]
[Date "2014.12.12"]
[Round "2.15"]
[White "Pires, Marcos Vinicius Tors"]
[Black "Hoshino, Karen"]
[Result "1-0"]
[WhiteElo "2282"]
[BlackElo "1712"]
[PlyCount "91"]
[EventDate "2014.12.12"]

1. Nf3 Nf6 2. c4 e6 3. g3 b6 4. Bg2 Bb7 5. O-O Be7 6. Nc3 O-O 7. Re1 d5 8. cxd5
Nxd5 9. e4 Nxc3 10. bxc3 Nd7 11. d4 c5 12. d5 exd5 13. exd5 Bf6 14. Qd2 Re8 15.
Bb2 Ne5 16. Nxe5 Bxe5 17. c4 Bxb2 18. Qxb2 Qd6 19. a4 Ba6 20. Bf1 Qd7 21. Rxe8+
Rxe8 22. a5 b5 23. cxb5 Rb8 24. Qe5 Re8 25. Qc3 Bxb5 26. Qxc5 Bxf1 27. Rxf1 Re5
28. Rd1 g6 29. Qd4 Qe8 30. d6 Re1+ 31. Kg2 Rxd1 32. Qxd1 Qc6+ 33. Kg1 Qd7 34.
Qd5 Kg7 35. Qe5+ f6 36. Qd5 a6 37. Qd3 Kf7 38. Qxa6 Ke6 39. Kg2 h5 40. Qc4+
Kxd6 41. Qd3+ Kc7 42. Qxd7+ Kxd7 43. Kf3 Kc6 44. Ke4 Kb5 45. Kd5 Kxa5 46. Ke6
1-0

[Event "II Aberto Prof Joao Braga"]
[Site "Clube de Xadrez Sao Paulo"]
[Date "2014.12.12"]
[Round "2.16"]
[White "Dinegri, Rodrigo"]
[Black "D'israel, Davy"]
[Result "0-1"]
[WhiteElo "1652"]
[BlackElo "2206"]
[PlyCount "54"]
[EventDate "2014.12.12"]

1. e4 c5 2. d4 cxd4 3. c3 Nf6 4. e5 Nd5 5. cxd4 d6 6. Bc4 e6 7. Nf3 Nc6 8. O-O
Be7 9. Qe2 O-O 10. a3 Bd7 11. Rd1 Rc8 12. Qe4 f5 13. Qe2 Nb6 14. exd6 Nxc4 15.
dxe7 Nxe7 16. b3 Nd6 17. Bb2 Nd5 18. Ne5 Bb5 19. Nc4 Nf4 20. Qe5 Qg5 21. Ne3
Nh3+ 22. Kh1 Nxf2+ 23. Kg1 Nxd1 24. Qxe6+ Kh8 25. Nxd1 Rfe8 26. Qxd6 Re1+ 27.
Kf2 Rf1# 0-1

[Event "II Aberto Prof Joao Braga"]
[Site "Clube de Xadrez Sao Paulo"]
[Date "2014.12.12"]
[Round "2.17"]
[White "De Moura, Sergio Jovelino"]
[Black "Silvestre, Gilmar Severino"]
[Result "1-0"]
[WhiteElo "2121"]
[BlackElo "1636"]
[PlyCount "45"]
[EventDate "2014.12.12"]

1. e4 c5 2. Nf3 Nc6 3. d4 d6 4. d5 Ne5 5. Nxe5 dxe5 6. c4 Nf6 7. Nc3 e6 8. Bd3
Be7 9. O-O exd5 10. exd5 a6 11. Re1 Qc7 12. Qe2 O-O 13. f4 Bd6 14. fxe5 Re8 15.
Bf4 Bg4 16. Qe3 Nh5 17. h3 Bd7 18. Bh2 Qb6 19. Qf3 Qxb2 20. exd6 Nf6 21. Rab1
Qd2 22. Rxe8+ Rxe8 23. Bf4 1-0

[Event "II Aberto Prof Joao Braga"]
[Site "Clube de Xadrez Sao Paulo"]
[Date "2014.12.12"]
[Round "2.18"]
[White "Christen, Peter Walter"]
[Black "Oliveira, Jonathan De"]
[Result "0-1"]
[WhiteElo "1548"]
[BlackElo "2105"]
[PlyCount "36"]
[EventDate "2014.12.12"]

1. e4 e6 2. d4 d5 3. Nc3 Nf6 4. Bd3 c5 5. e5 Nfd7 6. Be3 cxd4 7. Bxd4 Nc6 8.
Bb5 a6 9. Bxc6 bxc6 10. f4 Qa5 11. Be3 Rb8 12. Rb1 Rxb2 13. Bd2 Rxb1 14. Qxb1
Bb4 15. Nge2 Nc5 16. O-O d4 17. Nxd4 Bxc3 18. Nxc6 Qc7 0-1

[Event "II Aberto Prof Joao Braga"]
[Site "Clube de Xadrez Sao Paulo"]
[Date "2014.12.12"]
[Round "2.19"]
[White "Nunes, Marcela Andreia Dias"]
[Black "Araujo, Renan Aparecido"]
[Result "1-0"]
[WhiteElo "1483"]
[BlackElo "1966"]
[PlyCount "77"]
[EventDate "2014.12.12"]

1. d4 Nf6 2. c4 e6 3. Nc3 d5 4. Bg5 Nbd7 5. e3 Bb4 6. Nge2 O-O 7. a3 Bxc3+ 8.
Nxc3 h6 9. Bh4 c6 10. cxd5 exd5 11. Bd3 Re8 12. O-O Qc7 13. Bg3 Qd8 14. Bh4 Qb6
15. b4 Ne4 16. Na4 Qc7 17. b5 cxb5 18. Bxb5 Qd6 19. Qc2 a6 20. Be2 b5 21. Nc3
Nef6 22. Rfc1 Bb7 23. Qb3 Nb6 24. Bg3 Qe6 25. a4 Ne4 26. axb5 Nxg3 27. hxg3 Nc4
28. bxa6 Bxa6 29. Bf3 Reb8 30. Qd1 Bb7 31. Rxa8 Rxa8 32. Kh2 Ra6 33. Rb1 Rb6
34. Rxb6 Nxb6 35. Bg4 Qc6 36. Qb3 Ba6 37. Bf3 Bc4 38. Qb4 Nd7 39. e4 1-0

[Event "II Aberto Prof Joao Braga"]
[Site "Clube de Xadrez Sao Paulo"]
[Date "2014.12.12"]
[Round "2.22"]
[White "Federzoni, Enzo"]
[Black "Souza Neves, Andrey M"]
[Result "0-1"]
[WhiteElo "1614"]
[BlackElo "2147"]
[PlyCount "76"]
[EventDate "2014.12.12"]

1. e4 e5 2. d4 exd4 3. Qxd4 Nc6 4. Qe3 Nf6 5. Nc3 Bb4 6. Bd2 O-O 7. O-O-O Re8
8. Bd3 d5 9. Qe2 dxe4 10. Nxe4 Nxe4 11. Bxe4 Bd6 12. Qd3 Ne5 13. Qe3 Ng4 14.
Qf3 Rxe4 15. Qxe4 Nxf2 16. Qe3 Nxd1 17. Kxd1 Be6 18. b3 Qf6 19. Nf3 Qa1+ 20.
Bc1 Re8 21. Qxa7 Bf4 22. Qa3 Bxc1 23. Qxc1 Qxa2 24. Re1 Rd8+ 25. Ke2 Bxb3 26.
Rd1 Re8+ 27. Kf1 Qxc2 28. Qxc2 Bxc2 29. Rc1 Bd3+ 30. Kf2 c6 31. Rd1 Bf5 32. Nd4
Bc8 33. Nb3 g6 34. Na5 Kg7 35. Rb1 Re7 36. Nc4 b5 37. Na5 Rc7 38. Rc1 c5 0-1

[Event "II Aberto Prof Joao Braga"]
[Site "Clube de Xadrez Sao Paulo"]
[Date "2014.12.12"]
[Round "2.23"]
[White "Pritsopoulos, Constantino"]
[Black "Brujin, Homero"]
[Result "1-0"]
[WhiteElo "1870"]
[BlackElo "1505"]
[PlyCount "41"]
[EventDate "2014.12.12"]

1. e4 d6 2. d4 Nf6 3. Nc3 g6 4. f4 Bg7 5. Nf3 e5 6. dxe5 dxe5 7. Qxd8+ Kxd8 8.
Nxe5 Rf8 9. Bc4 Be6 10. Be3 Bxc4 11. Nxc4 Ng4 12. O-O-O+ Kc8 13. Bc5 Re8 14. e5
b6 15. Bg1 Kb7 16. h3 Nh6 17. g4 f6 18. Ne4 fxe5 19. Ned6+ cxd6 20. Nxd6+ Kc6
21. Nxe8 1-0

[Event "II Aberto Prof Joao Braga"]
[Site "Clube de Xadrez Sao Paulo"]
[Date "2014.12.12"]
[Round "2.24"]
[White "Nunes, Guilherme Hurba"]
[Black "Alves, Sidney David"]
[Result "0-1"]
[WhiteElo "1817"]
[BlackElo "1501"]
[PlyCount "106"]
[EventDate "2014.12.12"]

1. d4 Nf6 2. Nf3 g6 3. e3 Bg7 4. Bd3 O-O 5. b3 d5 6. Bb2 c5 7. O-O Bg4 8. h3
Bxf3 9. Qxf3 Qc7 10. Nd2 Rd8 11. Qe2 Nbd7 12. f4 cxd4 13. exd4 e6 14. g4 Re8
15. Rf3 a6 16. Nf1 Qb6 17. Ng3 e5 18. fxe5 Nxe5 19. Re3 Nxd3 20. Qxd3 Rxe3 21.
Qxe3 Re8 22. Qf3 Qa5 23. c3 b5 24. g5 Ne4 25. Nxe4 Rxe4 26. Rf1 Qc7 27. Bc1 Qd7
28. Kg2 Qe6 29. Bd2 Re2+ 30. Rf2 Rxf2+ 31. Kxf2 f5 32. Qe3 Qe4 33. Ke2 Kf7 34.
Qxe4 fxe4 35. Be3 Ke6 36. Kd2 Bf8 37. Kc2 Bd6 38. a4 Kf5 39. c4 bxc4 40. bxc4
dxc4 41. Kc3 Bf4 42. Bf2 e3 43. Be1 Ke4 44. Kxc4 Bxg5 45. d5 Be7 46. Bg3 e2 47.
Be1 Bd6 48. h4 h6 49. h5 g5 50. Kc3 g4 51. Kc2 g3 52. Kd2 Kf3 53. Bxg3 Bxg3 0-1

[Event "II Aberto Prof Joao Braga"]
[Site "Clube de Xadrez Sao Paulo"]
[Date "2014.12.12"]
[Round "2.25"]
[White "Sangiovanni, Marcello Gouveia"]
[Black "Chagas, Humberto Luiz Cunha"]
[Result "0-1"]
[WhiteElo "1494"]
[BlackElo "1815"]
[PlyCount "126"]
[EventDate "2014.12.12"]

1. d4 d5 2. Nf3 Nf6 3. Bf4 e6 4. e3 Bd6 5. Bg3 O-O 6. Bd3 b6 7. Nbd2 c5 8. c3
Qc7 9. Ne5 Nbd7 10. Ndf3 Ne4 11. Nxd7 Qxd7 12. Qc2 f5 13. Bxd6 Qxd6 14. Ne5
cxd4 15. exd4 a5 16. f3 Nf6 17. Bb5 Nd7 18. f4 Nxe5 19. fxe5 Qe7 20. O-O-O Bd7
21. Qe2 Rac8 22. Bd3 Rb8 23. Rhf1 b5 24. Rf2 b4 25. c4 dxc4 26. Bxc4 Bc6 27.
Kb1 Be4+ 28. Bd3 Bd5 29. Rdf1 Qh4 30. Qe3 Qe7 31. Qh3 g5 32. Qh5 Rf7 33. g3 a4
34. h4 g4 35. Qh6 a3 36. b3 Rc8 37. Rc2 Rxc2 38. Bxc2 Qc7 39. Qe3 Rf8 40. Rc1
Rc8 41. Qg5+ Qg7 42. Qxg7+ Kxg7 43. Bd3 Rxc1+ 44. Kxc1 Kf7 45. Kc2 h6 46. Bc4
Bxc4 47. bxc4 f4 48. gxf4 g3 49. d5 g2 50. f5 exf5 51. e6+ Ke7 52. c5 g1=Q 53.
c6 Qc5+ 54. Kb3 Qxd5+ 55. Kxb4 Qd6+ 56. Kb3 Kxe6 57. h5 Kd5 58. c7 Qxc7 59. Kb4
Qb6+ 60. Kc3 Qb5 61. Kc2 Kd4 62. Kc1 Kd3 63. Kd1 Qb1# 0-1

[Event "II Aberto Prof Joao Braga"]
[Site "Clube de Xadrez Sao Paulo"]
[Date "2014.12.12"]
[Round "2.26"]
[White "Van Riemsdijk, Marius"]
[Black "Yoshioka, Hugo"]
[Result "0-1"]
[WhiteElo "1798"]
[BlackElo "1500"]
[PlyCount "83"]
[EventDate "2014.12.12"]

1. e4 d5 2. exd5 Nf6 3. Nf3 Nxd5 4. c4 Nb6 5. d4 g6 6. Nc3 Bg7 7. Be2 O-O 8.
O-O Nc6 9. d5 Ne5 10. c5 Nbd7 11. Be3 c6 12. Rc1 cxd5 13. Qxd5 Nc6 14. Bb5 Nf6
15. Qxd8 Rxd8 16. h3 Bf5 17. Bxc6 bxc6 18. Nd4 Bd7 19. Rfe1 h6 20. Bf4 e6 21.
Be5 Rac8 22. Rcd1 Nd5 23. Bxg7 Kxg7 24. Ne4 e5 25. Nf3 f6 26. Nd6 Rb8 27. Re2
Bc8 28. Red2 Be6 29. a3 Rb3 30. Kh2 Rdb8 31. Nc4 Ne7 32. Na5 Rxb2 33. Rd6 Bd5
34. Rd7 Kf8 35. Rxa7 Rxf2 36. Kg3 Rc2 37. h4 Rxc5 38. Nb7 Nf5+ 39. Kf2 Rb5 40.
Na5 Bxf3 41. gxf3 Rb2+ 42. Kf1 0-1

[Event "II Aberto Prof Joao Braga"]
[Site "Clube de Xadrez Sao Paulo"]
[Date "2014.12.12"]
[Round "2.27"]
[White "Camargo, Luca Oshiro"]
[Black "Nikolic, Jovane"]
[Result "1-0"]
[WhiteElo "1488"]
[BlackElo "1773"]
[PlyCount "47"]
[EventDate "2014.12.12"]

1. e4 e5 2. Nf3 Nc6 3. Bc4 Nf6 4. Ng5 d5 5. exd5 Na5 6. Bb5+ c6 7. dxc6 bxc6 8.
Qf3 Bb7 9. Bd3 Be7 10. O-O O-O 11. Nc3 h6 12. Nge4 Nd5 13. Ng3 Nf4 14. Be4 Qd7
15. Nf5 Ne6 16. d3 Bg5 17. b4 Nd4 18. Nxd4 Bxc1 19. Nde2 Bb2 20. Rab1 Bxc3 21.
Nxc3 f5 22. bxa5 fxe4 23. Qxe4 c5 24. Rxb7 1-0

[Event "II Aberto Prof Joao Braga"]
[Site "Clube de Xadrez Sao Paulo"]
[Date "2014.12.12"]
[Round "2.28"]
[White "De Oliveira, Francemir Barra"]
[Black "Schultz, Rauanda"]
[Result "1-0"]
[WhiteElo "1751"]
[BlackElo "1492"]
[PlyCount "75"]
[EventDate "2014.12.12"]

1. e4 c6 2. e5 d5 3. f4 e6 4. Nf3 c5 5. Be2 Be7 6. O-O Nh6 7. c3 O-O 8. d4 c4
9. Qe1 Nc6 10. Bd1 b5 11. Bc2 Nf5 12. Kh1 b4 13. Ng5 h6 14. Nf3 bxc3 15. bxc3
Bd7 16. Rg1 h5 17. g4 hxg4 18. Rxg4 Nh6 19. Rg2 Nf5 20. Be3 Rb8 21. Bf2 g6 22.
Qg1 Kg7 23. Bxf5 exf5 24. Nbd2 Rh8 25. Re1 Be6 26. Ng5 Rh6 27. Re3 Rb2 28. Reg3
Qg8 29. Ndf3 Rxa2 30. Qb1 Ra3 31. Be1 Rb3 32. Qd1 Bd7 33. Bd2 Qb8 34. Rg1 a5
35. Qe2 Nd8 36. Qg2 Ne6 37. Nxf7 Nf8 38. Nxh6 1-0

[Event "II Aberto Prof Joao Braga"]
[Site "Clube de Xadrez Sao Paulo"]
[Date "2014.12.12"]
[Round "2.29"]
[White "Lukjanenko Callegari, Lucca"]
[Black "Caporale, Giuseppe Guido"]
[Result "0-1"]
[WhiteElo "1248"]
[BlackElo "1718"]
[PlyCount "88"]
[EventDate "2014.12.12"]

1. b3 d5 2. f4 c5 3. Bb2 Nf6 4. Nf3 Nc6 5. e3 a6 6. c4 e6 7. d4 dxc4 8. Bxc4
cxd4 9. Nxd4 Bb4+ 10. Nd2 Ne4 11. Nxc6 Bxd2+ 12. Ke2 bxc6 13. Bxg7 Rg8 14. Bb2
Ba5 15. Qxd8+ Bxd8 16. Bd3 f5 17. Rhg1 Bb7 18. g4 Nc5 19. gxf5 Rxg1 20. Rxg1
Nxd3 21. Kxd3 exf5 22. Rg8+ Kd7 23. Rg7+ Kc8 24. Rxh7 a5 25. Rh8 Kc7 26. Be5+
Kb6 27. h4 c5 28. a4 Bc7 29. Bxc7+ Kxc7 30. Rh7+ Kb6 31. Kc4 Ba6+ 32. Kd5 Rd8+
33. Ke5 Re8+ 34. Kxf5 Bd3+ 35. Kf6 Bxh7 36. Kg7 Bc2 37. h5 Rxe3 38. h6 Rh3 39.
Kf6 Rxh6+ 40. Kg5 Rg6+ 41. Kh5 Rg3 42. Kh4 Rxb3 43. Kg5 Rg3+ 44. Kh4 Rg8 0-1

[Event "II Aberto Prof Joao Braga"]
[Site "Clube de Xadrez Sao Paulo"]
[Date "2014.12.12"]
[Round "2.30"]
[White "Nunes, Adilson"]
[Black "Felippe E Silva, Glenda"]
[Result "1-0"]
[WhiteElo "1713"]
[BlackElo "1325"]
[PlyCount "85"]
[EventDate "2014.12.12"]

1. d4 d5 2. Nf3 Nf6 3. e3 Bf5 4. Bd3 Bg6 5. O-O e6 6. c3 Bxd3 7. Qxd3 Nbd7 8.
Nbd2 Be7 9. e4 c6 10. e5 Nh5 11. Qe3 O-O 12. g4 Nhf6 13. exf6 Nxf6 14. h3 Bd6
15. Ne5 Nd7 16. f4 Rc8 17. Ndf3 c5 18. Nxd7 Qxd7 19. Ne5 Qe7 20. Kg2 Qh4 21.
Qg3 Qxg3+ 22. Kxg3 cxd4 23. cxd4 Rc2 24. Rf2 Rfc8 25. Be3 f6 26. Nd3 Rxf2 27.
Nxf2 e5 28. Nd3 Rc2 29. fxe5 fxe5 30. dxe5 Be7 31. Rc1 Re2 32. Kf3 Rh2 33. Rc8+
Kf7 34. Nf2 Bh4 35. Rc7+ Kg6 36. e6 Bxf2 37. Bxf2 Rxh3+ 38. Kg2 Rh6 39. Rxb7
Kf6 40. Rxa7 Kxe6 41. Ra6+ Ke5 42. Rxh6 gxh6 43. Be3 1-0

[Event "II Aberto Prof Joao Braga"]
[Site "Clube de Xadrez Sao Paulo"]
[Date "2014.12.13"]
[Round "3.1"]
[White "Matsuura, Everaldo"]
[Black "Brandao, Renan Alves"]
[Result "1-0"]
[WhiteElo "2506"]
[BlackElo "2067"]
[PlyCount "63"]
[EventDate "2014.12.12"]

1. e4 e5 2. f4 d5 3. exd5 e4 4. d3 Nf6 5. dxe4 Nxe4 6. Nf3 Bc5 7. Qe2 Bf2+ 8.
Kd1 Qxd5+ 9. Nfd2 Bg4 10. Qxg4 Be3 11. Qf3 Nf2+ 12. Ke2 Qxf3+ 13. Kxf3 Bxd2 14.
Bxd2 Nxh1 15. Bb5+ Nc6 16. Bxc6+ bxc6 17. Nc3 O-O-O 18. Be3 Rhe8 19. Rxh1 a6
20. b4 f5 21. Rb1 Re6 22. Rb3 Rde8 23. Na4 Re4 24. Nc5 Rc4 25. c3 a5 26. Ra3
Kb8 27. Nd7+ Kb7 28. Ne5 Re4 29. Rxa5 Re6 30. Ra7+ Kb8 31. Ra6 Kb7 32. b5 1-0

[Event "II Aberto Prof Joao Braga"]
[Site "Clube de Xadrez Sao Paulo"]
[Date "2014.12.13"]
[Round "3.2"]
[White "Nunes, Allan Hurba"]
[Black "Quintiliano Pinto, Renato R"]
[Result "0-1"]
[WhiteElo "1968"]
[BlackElo "2390"]
[PlyCount "36"]
[EventDate "2014.12.12"]

1. d4 Nf6 2. Bg5 Ne4 3. Bf4 c5 4. f3 Qa5+ 5. c3 Nf6 6. Qd2 d5 7. e3 g6 8. Bd3
Bg7 9. Ne2 O-O 10. a3 c4 11. Bc2 Qb6 12. Ra2 Nc6 13. b4 cxb3 14. Rb2 Qa6 15.
Bxb3 Na5 16. O-O Nd7 17. Bc7 Nxb3 18. Rxb3 Qc4 0-1

[Event "II Aberto Prof Joao Braga"]
[Site "Clube de Xadrez Sao Paulo"]
[Date "2014.12.13"]
[Round "3.3"]
[White "Mendonca, Mateus Nakajo"]
[Black "Ribeiro, Marcos Willian De So"]
[Result "1-0"]
[WhiteElo "2390"]
[BlackElo "1945"]
[PlyCount "45"]
[EventDate "2014.12.12"]

1. d4 f5 2. g3 Nf6 3. Bg2 g6 4. Nh3 Bg7 5. Nf4 c6 6. c4 Ne4 7. O-O d6 8. f3 Ng5
9. Nc3 Qb6 10. Be3 Qxb2 11. Na4 Qa3 12. Nd3 Ne6 13. Bc1 Bxd4+ 14. Kh1 Qxa4 15.
Qxa4 Bxa1 16. e4 Nd7 17. exf5 gxf5 18. Re1 Ndc5 19. Nxc5 Nxc5 20. Qd1 Kf7 21.
Bg5 Bf6 22. Bxf6 Kxf6 23. Qd4+ 1-0

[Event "II Aberto Prof Joao Braga"]
[Site "Clube de Xadrez Sao Paulo"]
[Date "2014.12.13"]
[Round "3.4"]
[White "Tsuboi, Edson Kenji"]
[Black "Costa, Giovanni"]
[Result "1-0"]
[WhiteElo "2252"]
[BlackElo "1855"]
[PlyCount "93"]
[EventDate "2014.12.12"]

1. e4 c6 2. c4 e5 3. Nf3 d6 4. d4 exd4 5. Qxd4 Bg4 6. Be2 Nd7 7. Nc3 Ngf6 8.
O-O Qb6 9. Qd1 Be7 10. Qc2 O-O 11. Bf4 Bxf3 12. Bxf3 Ne5 13. Be2 Rad8 14. h3
Rd7 15. Rad1 Rfd8 16. Rd2 Ng6 17. Be3 Qc7 18. Re1 b6 19. f4 d5 20. e5 Nxe5 21.
fxe5 Qxe5 22. Bd4 Qf4 23. Rf1 Qg3 24. Bf2 Qe5 25. cxd5 cxd5 26. Bd4 Bc5 27.
Bxc5 bxc5 28. Bf3 d4 29. Ne4 Nxe4 30. Qxe4 Qxe4 31. Bxe4 Re7 32. Bd3 Rde8 33.
Rf5 Re5 34. Rxe5 Rxe5 35. Re2 Rxe2 36. Bxe2 Kf8 37. Kf2 Ke7 38. Kf3 Kd6 39. Ke4
g6 40. g4 f6 41. Bc4 a5 42. a4 h6 43. Bf7 g5 44. Bc4 Kc6 45. Kf5 Kd7 46. Kxf6
Kd6 47. b3 1-0